| 000 | 01627nam a22002177a 4500 | ||
|---|---|---|---|
| 008 | 111010s2007 ua|||||r|||| 000 0 ara d | ||
| 082 |
_222 _a330.962 _bع ي س |
||
| 100 |
_927447 _aالعيسوي ، إبراهيم |
||
| 245 |
_aالاقتصاد المصري في ثلاثين عاما : _bتحليل التطورات الاقتصادية الكلية منذ عام 1974 وبيان تداعياتها الاجتماعية، مع تصور لنموذج تنموي بديل / _cإبراهيم العيسوي |
||
| 260 |
_aالقاهرة : _bالمكتبة الأكاديمية، 2007 _c2007 |
||
| 300 |
_a873 ص ؛ _c24 سم |
||
| 490 |
_927448 _aمشروع مصر 2020 _p ؛ مكتبة مصر 2020 _v23 |
||
| 504 | _aيشتمل على إرجاعات ببليوجرافية ص 855-871 وملاحق | ||
| 651 |
_913709 _aمصر _xالأحوال الاقتصادية |
||
| 653 |
_bEco _cOctober2011 |
||
| 942 |
_2ddc _cBB |
||
| 999 |
_c16119 _d16119 |
||